Macromedia flashMX : object oriented programming [OOP] environment :

Bibliographic Details
Main Author: Rosli Ab Ghani
Format: Book
Published: Batu Caves : Venton Publishing , c2003
Edition:Siri 2 ; lanjutan
Subjects:

MARC

LEADER 00000cam a2200000 7i4500
001 0000019672
005 20071102.0
020 |a 9832661285 
040 |a INS 
090 0 0 |a CD 280 
100 1 |a Rosli Ab Ghani 
245 1 0 |a Macromedia flashMX :   |b object oriented programming [OOP] environment :   |b Macromedia flashMX :   |b pengaturcaraan berorientasikan objek   |c Rosli Ab Ghani [  |h sumber elektronik] 
250 |a Siri 2 ; lanjutan 
260 |a Batu Caves :   |b Venton Publishing ,   |c c2003 
300 |a 1 computer optical disc :   |b ill. sd. col. ;   |c 3/4 in. 
650 0 0 |a Actionscript (Computer program language) 
650 0 0 |a Flash (Computer Files) 
650 0 0 |a Object-oriented programming (Computer science) 
740 0 |a Macromedia flashMX : pengaturcaraan berorientasikan objek 
999 |a CD00000280   |b CD-ROM   |c Media Collection   |e Default branch 
999 |a CD00000625   |b CD-ROM   |c Media Collection   |e Default branch